Statistics for MLB: Gold Gloves-Third Base

Click here to take the quiz!

General Stats

  • This quiz has been taken 108 times
    (105 since last reset)
  • The average score is 13 of 37

Answer Stats

YearPlayer% Correct
1975, 1974, 1973, 1972, 1971, 1970, 1969, 1968, 1967, 1966, 1965, 1964, 1963, 1962, 1961, 1960Brooks Robinson
83%
1986, 1984, 1983, 1982, 1981, 1980, 1979, 1978, 1977, 1976Mike Schmidt
82%
2020, 2019, 2018, 2017, 2016, 2015, 2014, 2013Nolan Arenado
73%
1976Aurelio Rodriguez
63%
2010, 2006, 2004, 2003, 2002, 2001, 2000, 1998Scott Rolen
54%
1985George Brett
52%
2015, 2013Manny Machado
51%
1995, 1994Wade Boggs
51%
2016, 2012, 2011, 2008, 2007Adrian Beltre
44%
1978, 1977Graig Nettles
42%
2019, 2018Matt Chapman
39%
1997, 1994, 1993, 1991Matt Williams
38%
2008, 2007David Wright
37%
1968, 1967, 1966, 1965, 1964Ron Santo
34%
1992, 1989, 1987Terry Pendleton
34%
1969Clete Boyer
31%
2017, 2010, 2009Evan Longoria
31%
1963, 1961, 1960, 1959, 1958Ken Boyer
31%
1997, 1996, 1995Ken Caminiti
31%
1984, 1983, 1982, 1981, 1980, 1979Buddy Bell
30%
1989, 1988, 1987, 1986Gary Gaetti
30%
1999, 1998, 1996, 1993, 1992, 1991Robin Ventura
28%
2006, 2005, 2004, 2003, 2002, 2001Eric Chavez
27%
1990Kelly Gruber
27%
2005Mike Lowell
27%
1990, 1988, 1985Tim Wallach
27%
1974, 1973, 1972, 1971, 1970Doug Rader
23%
1975Ken Reitz
21%
2014Kyle Seager
21%
2009Ryan Zimmerman
20%
2000Travis Fryman
20%
1999Scott Brosius
18%
1959, 1958, 1957Frank Malzone
14%
1962Jim Davenport
13%
2012Chase Headley
11%
2020Isiah Kiner-Falefa
10%
2011Placido Polanco
10%

Score Distribution

Percentile by Number Answered

Percent of People with Each Score

Your Score History

You have not taken this quiz since the last reset